UBT Library

The Collected works of Abraham Lincoln. (Record no. 39982)

000 -LEADER
fixed length control field 00759cam a2200253 a 4500
001 - CONTROL NUMBER
control field 2926506
005 - DATE AND TIME OF LATEST TRANSACTION
control field 20180110071151.0
008 - FIXED-LENGTH DATA ELEMENTS--GENERAL INFORMATION
fixed length control field 891017s1990 nju b s001 0aeng
010 ## - LIBRARY OF CONGRESS CONTROL NUMBER
LC control number 89024297
020 ## - INTERNATIONAL STANDARD BOOK NUMBER
International Standard Book Number 0813515327
040 ## - CATALOGING SOURCE
Original cataloging agency DLC
Transcribing agency DLC
Modifying agency DLC
041 ## - LANGUAGE CODE
Language code of text/sound track or separate title eng
043 ## - GEOGRAPHIC AREA CODE
Geographic area code n-us---
051 ## - LIBRARY OF CONGRESS COPY, ISSUE, OFFPRINT STATEMENT
Classification number 973.7092
Item number 1953 Suppl. 2 Copy 4
Copy information Another copy.
080 ## - UNIVERSAL DECIMAL CLASSIFICATION NUMBER
Universal Decimal Classification number 973.7092
082 00 - DEWEY DECIMAL CLASSIFICATION NUMBER
Classification number 973.7092 BAS
-- B
Edition number 20
100 1# - Rafti
Rafti 21
101 ## - Shkurtesa
Shkurtesa GJL
240 10 - UNIFORM TITLE
Uniform title <a href="Works.">Works.</a>
Date of a work 1990
245 14 - TITLE STATEMENT
Title The Collected works of Abraham Lincoln.
Number of part/section of a work Second supplement, 1848-1865 /
Statement of responsibility, etc Roy P. Basler and Christian O. Basler, editors.
504 ## - BIBLIOGRAPHY, ETC. NOTE
Bibliography, etc Includes bibliographical references and index.
906 ## - LOCAL DATA ELEMENT F, LDF (RLIN)
a 7
b cbc
c orignew
d 1
e ocip
f 19
g y-gencatlg
942 ## - ADDED ENTRY ELEMENTS (KOHA)
Source of classification or shelving scheme
Item type Books
Holdings
Withdrawn status Lost status Source of classification or shelving scheme Damaged status Not for loan Collection code Permanent location Current location Shelving location Date acquired Total Checkouts Full call number Barcode Date last seen Price effective from Koha item type
          Koleksioni i përgjithshem UBT - Lipjan UBT - Lipjan Koleksioni i përgjithshem 01/10/2018   973.7092 BAS 002-2994840 01/10/2018 01/10/2018 Books
UBT Library © 2015-2024. All rights reserved University Education for Business and Technology